Las alianzas conflictivas: las relaciones de Costa Rica y Estados Unidos: de la segunda guerra mundial a los inicios de la guerra civil

Spremljeno u:
Bibliografski detalji
Glavni autor: Schifter Sikora, Jacobo
Format: Tekst
Izdano: San José: Asociación Libro Libre
Oznake: Dodaj oznaku
Bez oznaka, Budi prvi tko označuje ovaj zapis!

MARC

LEADER 00000 a a2200000 04500
001 22458
003
040
020 |a 9977-901-42-2  
090 |a 153100  
100 |a Schifter Sikora, Jacobo  
245 |a Las alianzas conflictivas: las relaciones de Costa Rica y Estados Unidos: de la segunda guerra mundial a los inicios de la guerra civil  
260 |a San José:   |b Asociación Libro Libre  
300 |a 320 p.  
999 |c 3038  |d 3038